000 00673nam a2200229 a 4500
001 17216
003 BD-RjUL
005 20211209000115.0
008 140216s1932 enkaf b 001 0 eng d
035 _a(BD-RjUL)17274
040 _aANL
_beng
_cANL
_dVMOU
_dBD-RjUL
041 _aeng
082 0 4 _a801.9
_bOGB 1932
_221
100 1 _aOgden, C. K.
_d1889-1957.
_q(Charles Kay),
_953086
245 1 0 _aBentham's Theory of fictions /
_cby C. K. Ogden.
246 3 _aTheory of fictions.
260 _aLondon :
_bKegan Paul, Trench, Trubner,
_c1932.
300 _aclii, 161 p. ;
_c22 cm.
504 _aIncludes indexes.
650 0 _aFictions, Theory of.
_93591
942 _2ddc
_cBK
999 _c17216
_d17216